Dibujo de cabeza y manos.

Saved in:
Bibliografiske detaljer
Hovedforfatter: Loomis, Andrew 1892-1959 (autor)
Format: Bog
Udgivet: Buenos Aires, Argentina, Lancelot, 2008.
Udgivelse:2ª.ed.
Fag:
Tags: Tilføj Tag
Ingen Tags, Vær først til at tagge denne postø!

MARC

LEADER 00000nam a22000007a 4500
003 CL-VaPUC
005 20250321101915.0
008 250110t2008 ||||| |||| 00| 0 eng d
999 |c 446433  |d 446431 
020 |a 978-987-22621-2-9 
040 |c Pontificia Universidad Católica de Valparaíso 
082 7 |a 743.49 LOO 2008  |2 22 
100 |9 895221  |a Loomis, Andrew  |d 1892-1959.  |e autor 
245 |a Dibujo de cabeza y manos.  
250 |a 2ª.ed. 
260 |a Buenos Aires, Argentina,   |b Lancelot,   |c 2008. 
300 |a 154 páginas :  |b ilustraciones.  
500 |a c.1-c.3.Instituto Arcos 8-1-2025. 
583 |c 20250110  |k Cristina María Rojas Aguilar 
650 |a Cabeza  |x Dibujos  |9 895226 
650 |a Manos   |x Dibujos   |9 895227 
650 |a Dibujo   |x Estudio y enseñanza  |9 895225 
942 |2 ddc  |c BK  |n 0 
952 |0 0  |1 0  |2 ddc  |4 0  |6 743_490000000000000_LOO_2008  |7 0  |8 A  |9 599121  |a BIBINC  |b BIBINC  |d 2025-01-10  |e Instituto Arcos   |i 5664130  |l 2  |m 1  |o 743.49 LOO 2008  |p 5664130  |r 2025-04-08  |s 2025-03-28  |t 1  |w 2025-01-10  |y BK  |k IFP 
952 |0 0  |1 0  |2 ddc  |4 0  |6 743_490000000000000_LOO_2008  |7 0  |8 A  |9 599122  |a BIBINC  |b BIBINC  |d 2025-01-10  |e Instituto Arcos   |i 5664131  |l 1  |m 1  |o 743.49 LOO 2008  |p 5664131  |r 2025-04-04  |s 2025-03-21  |t 2  |w 2025-01-10  |y BK  |k IFP 
952 |0 0  |1 0  |2 ddc  |4 0  |6 743_490000000000000_LOO_2008  |7 0  |8 A  |9 599123  |a BIBINC  |b BIBINC  |d 2025-01-10  |e Instituto Arcos   |i 5664132  |l 1  |o 743.49 LOO 2008  |p 5664132  |r 2025-04-07  |s 2025-03-28  |t 3  |w 2025-01-10  |y BK  |k IFP